| 000 | 00339nam a2200133Ia 4500 | ||
|---|---|---|---|
| 008 | 150202s9999 xx 000 0 und d | ||
| 020 | _a330267116 | ||
| 050 |
_aFIC _bFIC |
||
| 100 | _aSmith, Wilbur. | ||
| 245 |
_aMen of men / _cWilbur Smith. |
||
| 260 |
_aGreat Britain : _c1981. |
||
| 300 |
_a524 pages : _c18 cm. |
||
| 650 | _aFiction. | ||
| 999 |
_c282406 _d282406 |
||